Alain Resnais

Tallennettuna:
Bibliografiset tiedot
Päätekijä: Bounoure, Gaston
Aineistotyyppi: Kirja
Kieli:ranska
Julkaistu: París, Francia Seghers 1962
Sarja:Cinéma d'Aujourd'Hui. 5
Aiheet:
Tagit: Lisää tagi
Ei tageja, Lisää ensimmäinen tagi!

MARC

LEADER 00000nam a2200000 a 4500
001 UCO5771
003 CL-VaPUC
005 20220913074556.0
008 000915e19620000FR |||||||||||||||||fre|d
999 |c 291601  |d 291599 
040 |c Pontificia Universidad Católica de Valparaíso 
082 0 4 |a 791.4309 BOU 1962  |2 21 
100 0 |a Bounoure, Gaston  |9 450585 
245 1 0 |a Alain Resnais 
260 0 3 |a París, Francia  |b Seghers  |c 1962 
300 |a 185 páginas 
490 0 |a Cinéma d'Aujourd'Hui.  |v 5 
583 |a last modification  |c 20000915 00:00:00  |k Rodrigo Vera 
600 0 7 |a RESNAIS, ALAIN  |2 CL-VaPUC  |9 450586 
650 0 |a Directores de cine  |9 368705 
650 7 |a REALIZADORES CINEMATOGRAFICOS  |2 CL-VaPUC  |9 355120 
650 7 |a CINE FRANCES  |2 CL-VaPUC  |9 413098 
650 0 |a Biografías  |9 255210 
942 |c BK  |2 ddc 
945 |d 20000915 00:00:00  |a crobeson 
952 |0 0  |1 0  |2 ddc  |4 0  |6 791_430900000000000_BOU_1962  |7 0  |8 P  |9 341566  |a BIBART  |b BIBART  |d 2019-11-20  |i 1222406  |o 791.4309 BOU 1962  |p 1222406  |r 2025-03-13  |t 1  |w 2019-11-20  |y BK  |k ART